[Event "Roncana op-C 6th"]
[Site "Santa Eulalia de Roncana"]
[Date "2012.11.10"]
[Round "5.10"]
[White "Serrat Noguera, Joel"]
[Black "Becerra Mumbru, Anna"]
[Result "1-0"]
[WhiteElo "1704"]
[BlackElo "1700"]
[PlyCount "81"]
[EventDate "2012.10.06"]
[EventType "swiss"]
[EventRounds "8"]
[EventCountry "ESP"]
[SourceTitle "EXT 2024"]
[Source "ChessBase"]
[SourceDate "2023.10.10"]
[SourceVersion "1"]
[SourceVersionDate "2023.10.10"]
[SourceQuality "1"]

1. e4 e5 2. Nf3 Nc6 3. Nc3 Nf6 4. Bc4 Bc5 5. 0-0 0-0 6. d3 d6 7. Bg5 h6 8. Bxf6 Qxf6 9. Nd5 Qd8 10. d4 exd4 11. Nf4 Qe7 12. Ng6 Qe8 13. Nxf8 Qxf8 14. Nh4 Nb4 15. Ng6 Qd8 16. Qf3 Be6 17. Bxe6 fxe6 18. Qf7+ Kxf7 19. Nf4 d5 20. Rfe1 a6 21. exd5 exd5 22. Ne6 Qd6 23. Re2 d3 24. cxd3 Nxd3 25. g4 c6 26. g5 Ba7 27. Rd1 Nxb2 28. Rb1 Nd3 29. Rxb7+ Kg6 30. Nxg7 Qf8 31. Re6+ Kh7 32. Nf5+ Kg8 33. Rg6+ Kh8 34. Rxh6+ Kg8 35. Ne7+ Kg7 36. Nf5+ Kg8 37. Ne7+ Kf7 38. Nf5+ Ke8 39. Nd6+ Kd8 40. Rhh7 Bd4 41. Rhd7# 1-0